000 00630nam a2200193Ia 4500
003 GCL
008 140319s9999 xx 000 0 ara d
040 _aGCL /
_cGCL
082 0 4 _a759.962
_bن ع
100 1 _aنعيم عطية
245 1 0 _aالعين العاشقة: لحظات مع سبعة رسامين مصريين /
_cنعيم عطية
300 _a180 ص
490 _aالهيئة العامة للاستعلامات
_v0
650 0 4 _aالفنون التشكيلية
650 0 4 _aالفن الحديث
650 0 4 _aالرسامون المصريون
650 0 4 _aالفنانون - تراجم
942 _2ddc
_cBK
999 _c50919
_d50919